000 00307nam a22001337a 4500
999 _c5716
_d5714
005 20211201113912.0
008 180628b xxu||||| |||| 00| 0 eng d
041 _aeng
100 _aPINDYEK, ROBERTS
_94424
245 _aMICROECONOMICS
260 _aNEW DELHI
_bPEARSON
_c2009
300 _a674p,
942 _cBK